000
00348pam a2200157a 44500
008
230515b1999 xxu||||| |||| 00| 0 eng d
020
_a
NULL
041
_a
ENGLISH
082
_a
630
100
_a
PATIL SANJAY
245
_a
MECHANICAL PROCESSES& SYSTEMS
250
_a
0
260
_a
DELHI
_b
TECHMEDIA
_c
1999
300
_a
100
650
_a
NULL
999
_c
651131
_d
651131